书目信息 |
| 题名: |
实用摄影技艺80例
|
|
| 作者: | 林路 著 | |
| 分册: | ||
| 出版信息: | 杭州 浙江摄影出版社 2000.07 |
|
| 页数: | 144页 | |
| 开本: | 32开 | |
| 丛书名: | ||
| 单 册: | ||
| 中图分类: | J41 | |
| 科图分类: | ||
| 主题词: | 摄影技术--普及读物 , 摄影艺术--各种 | |
| 电子资源: | ||
| ISBN: | 7-80536-755-8 | |
| 000 | 00573nam0 2200205 45 | |
| 001 | 0011081883 | |
| 005 | 20001108184359.3 | |
| 010 | @a7-80536-755-8@d20.00元 | |
| 100 | @a20001108d2000 km y0chiy0120 ea | |
| 101 | 0 | @achi |
| 105 | @a z 000yy | |
| 200 | 1 | @a实用摄影技艺80例@AShi Yong She Ying Ji Yi 80 Li@f林路著@FLin Lu Zhu |
| 210 | @a杭州@c浙江摄影出版社@d2000.07 | |
| 215 | @a144页@d32开 | |
| 606 | 0 | @a摄影技术@x普及读物 |
| 606 | 0 | @a摄影艺术@x各种 |
| 690 | @aJ41@v3 | |
| 701 | 0 | @a林路@4著 |
| 801 | @aCN@bPftUser@c20001108 | |
| 905 | @b212494-503@dJ41@eL.584@f10 | |
| 实用摄影技艺80例/林路著.-杭州:浙江摄影出版社,2000.07 |
| 144页;32开 |
| ISBN 7-80536-755-8:20.00元 |
| ● |
| 相关链接 |
|
|
|
正题名:实用摄影技艺80例
索取号:J41/L.584
 
预约/预借
| 序号 | 登录号 | 条形码 | 馆藏地/架位号 | 状态 | 备注 |
| 1 | 212494 | 202124940 | 自科二线404/404自科库 30排1列4层/ [索取号:J41/L.584] | 在馆 | |
| 2 | 212495 | 202124959 | 自科二线404/404自科库 30排1列4层/ [索取号:J41/L.584] | 在馆 | |
| 3 | 212496 | 202124968 | 自科二线404/404自科库 30排1列4层/ [索取号:J41/L.584] | 在馆 | |
| 4 | 212497 | 202124977 | 自科二线404/404自科库 30排1列4层/ [索取号:J41/L.584] | 在馆 | |
| 5 | 212498 | 202124986 | 社科库309/309社科库 83排1列6层/ [索取号:J41/L.584] | 在馆 | |
| 6 | 212499 | 202124995 | 社科库309/309社科库 83排1列6层/ [索取号:J41/L.584] | 在馆 | |
| 7 | 212500 | 202125002 | 社科库309/309社科库 83排1列6层/ [索取号:J41/L.584] | 在馆 | |
| 8 | 212501 | 202125011 | 自科二线404/404自科库 30排1列4层/ [索取号:J41/L.584] | 在馆 | |
| 9 | 212502 | 202125020 | 自科二线404/404自科库 30排1列4层/ [索取号:J41/L.584] | 在馆 | |
| 10 | 212503 | 202125039 | 自科二线404/309社科库 83排1列6层/ [索取号:J41/L.584] | 在馆 |